000 00395nam a2200157Ia 4500
008 230524s9999 xx 000 0 und d
082 _a532
_bJOG
100 _aC.S.Jogi
245 0 _aFoundations and Applications of Mechanics and Fluid Mechanics
250 _a1ST
260 _aNEW DELHI
_bNarosa
_c2002
300 _a435
500 _aQuantity Number: 2
650 _aPhysics
942 _cBK
999 _c12874
_d12874